000 00469nam a2200169Ia 4500
003 GCL
040 _aGCL /
_cGCL
082 0 4 _aCC
_b932
_bT T
100 1 _aTRAPPMANN, REGINA SALDITT
245 1 0 _aTEMPEL DER AGYPTISCHEN GOTTER IN GRIECHENLAND UND AN DER WESTKUSTE KLEINASIENS /
_cTRAPPMANN, REGINA SALDITT
260 _a[S.N] :
_bE. J. BRILL ،
_c1970
300 _a68 P
650 0 4 _aANCIENT EGYPT
650 0 4 _aEGYPTOLOGY
650 0 4 _aTEMPLES
942 _2ddc
_cBK
999 _c10834
_d10834